| 000 | 00945nam a22002417a 4500 | ||
|---|---|---|---|
| 003 | PE SENCICO BE | ||
| 005 | 20251020182620.0 | ||
| 008 | 221124b |||||||| |||| 00| 0 eng d | ||
| 040 |
_aPE SENCICO BE _cPE SENCICO BE |
||
| 041 | _aspa | ||
| 082 |
_a530.076 _bQ9 |
||
| 100 | 1 |
_973 _aQuiroz Mendoza, Felix Moises _eautor |
|
| 245 | 1 |
_aFísica ¿mecánica? ¡que fácil! : _bteoría y problemas / _cFelix Moises Quiroz Mendoza |
|
| 250 | _a1a ed. | ||
| 260 |
_a[Lima]: _bFa-Kir, _c1993 |
||
| 300 |
_a274 p.: _bdiagrs.; _c21 cm. |
||
| 505 | 0 | _aFísica -- Vectores -- Cinemática -- Gráfica de movimiento -- Caida libre -- Movimiento circular -- Movimiento parabólico -- Estática -- Momento de una fuerza -- Centro de gravedad -- Dinámica lineal -- Razonamiento -- Dinámica circular -- Trabajo | |
| 650 | 1 | 0 |
_aFísica _974 |
| 650 | 2 | 0 |
_aMecánica (Física) _975 |
| 650 | 2 | 0 |
_aEstática _9165 |
| 910 |
_ahfp _bhfp _chfp |
||
| 942 |
_2ddc _cLIB |
||
| 999 |
_c3639 _d3639 |
||